TOP 15 Easiest to find friends in - Statistics

General Stats
  • This quiz has been taken 13 times
  • The average score is 6 of 15
Answer Stats
Easy (tip) Country % Correct
1. (Americas) Mexico
82%
3. (Americas) Ecuador
55%
11. (Europe) Greece
55%
13. (Middle East) Israel
55%
9. (Americas) Colombia
45%
2. (Asia) Philippines
45%
10. (Europe) Portugal
45%
4. (Asia) Vietnam
45%
5. (Middle East) Bahrain
36%
7. (Americas) Costa Rica
36%
15. (Asia) Malaysia
36%
14. (Asia) Taiwan
27%
6. (Europe) Bulgaria
18%
8. (Africa) Kenya
9%
12. (Asia) Kazakhstan
0%
No matching quizzes found
Score Distribution
Percent of People with Each Score
Percentile by Number Answered
Your Score History
You have not taken this quiz